The time bind: when work becomes home and home becomes work/
Guardat en:
| Autor principal: | |
|---|---|
| Format: | Llibre |
| Idioma: | English |
| Publicat: |
New York:
Owl Book; Henry Holt and Company,
1997
|
| Etiquetes: |
Afegir etiqueta
Sense etiquetes, Sigues el primer a etiquetar aquest registre!
|
MARC
| LEADER | 00000nam a22000007a 4500 | ||
|---|---|---|---|
| 003 | cru CIDCACS/IIS | ||
| 005 | 20180308153903.0 | ||
| 007 | ta | ||
| 008 | 180307t1997 nyu|||||r|||||||| ||eng|d | ||
| 999 | |c 41119 |d 41119 | ||
| 020 | |a 0805066438 | ||
| 040 | |c cru CIDCACS/IIS | ||
| 090 | |a 03.02.05 R961t | ||
| 100 | 1 | |9 6764 |a Hochschild, Arlie Russell |d 1940- | |
| 245 | 1 | 4 | |a The time bind: |b when work becomes home and home becomes work/ |c Arlie Russell Hochschild |
| 260 | |a New York: |b Owl Book; |b Henry Holt and Company, |c 1997 | ||
| 300 | |a 317 páginas: |b ilustraciones | ||
| 500 | |a Donado por Joanna Dreby | ||
| 942 | |2 ddc |c LI | ||



